书目信息 |
| 题名: |
阅读理解
|
|
| 作者: | 钱赛湖 主编 | |
| 分册: | 一年级下册 | |
| 出版信息: | 北京 开明出版社 2019.10 |
|
| 页数: | 52页 | |
| 开本: | 30cm | |
| 丛书名: | ||
| 单 册: | ||
| 中图分类: | G624.233 | |
| 科图分类: | ||
| 主题词: | 阅读课--小学--教学参考资料 | |
| 电子资源: | ||
| ISBN: | 978-7-5131-5336-2 | |
| 000 | 01305nam0 2200229 450 | |
| 001 | 0103152643 | |
| 005 | 20201103152729.0 | |
| 010 | @a978-7-5131-5336-2@dCNY22.80 | |
| 100 | @a20200317d2019 cemy0chiy50 ea | |
| 101 | 0 | @achi |
| 102 | @aCN@b110000 | |
| 105 | @aa z 000yy | |
| 106 | @ar | |
| 200 | 1 | @a阅读理解@Ayue du li jie@i一年级下册@e彩绘版带注音@f钱赛湖主编 |
| 210 | @a北京@c开明出版社@d2019.10 | |
| 215 | @a52页@d30cm | |
| 330 | @a本套丛书由一线教师紧扣新课程标准小学低年级段的阅读要求编写,具有极强的针对性,帮助同学们在轻松愉快的氛围中进行阅读提升训练。为了更好地达到丛书的编写目的,我们在设题材料上广泛选取各类文体佳作,力图保证选材内容丰富,文章具有浓郁的时代色彩与人文气息;同时,编写工作中邀请多位名师参与,许多文章都是精彩原创,力求帮助同学们迅速摆脱思维定式,激发全新的阅读灵感;在题目设置上置梯度、角度多样,题量适中,旨在帮助同学们全面提升阅读能力。该书以课时为编写单位,包括选文和阅读训练两大部分。阅读文章和材料选取立足中外经典文段以及优秀新颖阅读美文。这些美文语言优美、构思奇特、思想性强、营养丰富对丰富学生的人文内涵对提升学生的语文素养大有裨益。训练试题通过实践检验,设题科学、训练目标明确。 | |
| 606 | 0 | @a阅读课@x小学@j教学参考资料 |
| 690 | @aG624.233@v5 | |
| 701 | 0 | @a钱赛湖@Aqian sai hu@4主编 |
| 801 | 0 | @aCN@bBJSZM@c20201103 |
| 905 | @b1255346-50@dG624.233@e1020@f5 | |
| 阅读理解.一年级下册:彩绘版带注音/钱赛湖主编.-北京:开明出版社,2019.10 |
| 52页;30cm |
| ISBN 978-7-5131-5336-2:CNY22.80 |
| 本套丛书由一线教师紧扣新课程标准小学低年级段的阅读要求编写,具有极强的针对性,帮助同学们在轻松愉快的氛围中进行阅读提升训练。为了更好地达到丛书的编写目的,我们在设题材料上广泛选取各类文体佳作,力图保证选材内容丰富,文章具有浓郁的时代色彩与人文气息;同时,编写工作中邀请多位名师参与,许多文章都是精彩原创,力求帮助同学们迅速摆脱思维定式,激发全新的阅读灵感;在题目设置上置梯度、角度多样,题量适中,旨在帮助同学们全面提升阅读能力。该书以课时为编写单位,包括选文和阅读训练两大部分。阅读文章和材料选取立足中外经典文段以及优秀新颖阅读美文。这些美文语言优美、构思奇特、思想性强、营养丰富对丰富学生的人文内涵对提升学生的语文素养大有裨益。训练试题通过实践检验,设题科学、训练目标明确。 |
| ● |
| 相关链接 |
|
|
|
|
正题名:阅读理解
索取号:G624.233/1020
 
预约/预借
| 序号 | 登录号 | 条形码 | 馆藏地/架位号 | 状态 | 备注 |
| 1 | 1255346 | 212553468 | 第一样本阅览室/ [索取号:G624.233/1020] | 在馆 | |
| 2 | 1255347 | 212553477 | 教育系资料室/ [索取号:G624.233/1020] | 在馆 | |
| 3 | 1255348 | 212553486 | 教育系资料室/ [索取号:G624.233/1020] | 在馆 | |
| 4 | 1255349 | 212553495 | 第四借阅区/ [索取号:G624.233/1020] | 在馆 | |
| 5 | 1255350 | 212553501 | 第四借阅区/ [索取号:G624.233/1020] | 在馆 |